000 01011nam a2200265 a 4500
001 14441920
008 120419s2007 ||||||||||||||||| || u
010 _a2006278968
020 _a9780321357960
020 _a0321357965
050 _aHG 4027.5 Eit
100 _aStonehill, Arthur I
245 1 0 _aMultinational business finance. (11th ed.)
_cby David K. Eiteman; Arthur I. Stonehill; Micheal H. Moffett
250 _a11th ed.
260 _aBoston, MA:
_bPearson
_c2007
300 _axxi, 746, 72 p.: ill.
350 _a0.00
490 _aThe Addison-Wesley series in finance
500 _aIncludes bibliographical references and indexes.
650 _aINTERNATIONAL BUSINESS ENTERPRISES--FINANCE
700 _aMoffett, Michael H
700 _aEiteman, David K
856 _uhttp://www.loc.gov/catdir/toc/fy0612/2006278968.html
995 _FCBU-MAIN LIBRARY (Kitwe)
_I0.00
_M1
_UAVAILABLE
_WApr 19, 2012
_ZMain Library Open Access Collection
999 _c51781
_d51781